000 00680nam a2200241 a 4500
999 _c1101
_d1101
008 191127r2011 ii a|||g |||| 001 0 eng d
020 _a9788131734124
_cRs. 599.00
040 _aKO
_beng
041 0 _aeng
044 _aii
082 0 4 _223
_a621.381
_bSt742
100 1 _aStorey, Neil
245 1 0 _aElectronics :
_bA Systems Approach /
_cNeil Storey
250 _a4th ed.
260 _aNoida :
_bDorling Kindersley (India) Pvt Ltd,
_c2011
300 _axvi, 804 p. :
_bill. ;
_c24 cm.
504 _aIncludes index.
650 0 _aElectronics
_vTextbooks
650 0 _aElectronic apparatus and appliances
_xElectronic systems
904 _aS_JOY
942 _cBK